000 00286nam a22001217a 4500
008 170715b xxu||||| |||| 00| 0 eng d
041 _aeng
080 _a572
100 _a24
101 _aANT
245 _aRACE FOR THEORY AND THE BIOPHOBIA HYPOTHESIS
_cWILLIAMS,M.D
942 _2udc
_cBK
999 _c21185
_d21185